Countries with the Most Oil Reserves - Statistics

General Stats
  • This quiz has been taken 105 times
    48 since last reset
  • The average score is 21 of 30
Answer Stats
Oil Reserves Country % Correct
266,260 Saudi Arabia
100%
55,000 United States
97%
111,000 United Arab Emirates
95%
303,806 Venezuela
95%
102,400 Russia
95%
208,600 Iran
92%
147,223 Iraq
92%
26,022 China
92%
16,848 Brazil
90%
104,000 Kuwait
85%
172,200 Canada
82%
5,680 India
82%
5,373 Oman
82%
4,400 Egypt
79%
10,800 Mexico
79%
25,244 Qatar
79%
12,200 Algeria
77%
78,400 Libya
77%
37,453 Nigeria
69%
30,000 Kazakhstan
67%
8,122 Norway
64%
12,700 Angola
62%
3,600 Malaysia
49%
8,273 Ecuador
41%
10,000 Guyana
41%
5,000 Sudan
41%
7,000 Azerbaijan
38%
111,777 Somalia
31%
4,400 Vietnam
28%
6,500 Uruguay
8%
No matching quizzes found
Score Distribution
Percent of People with Each Score
Percentile by Number Answered
Your Score History
You have not taken this quiz since the last reset